| 000 -LEADER |
| fixed length control field |
00751nam a2200253 a 4500 |
| 001 - CONTROL NUMBER |
| control field |
20680 |
| 003 - CONTROL NUMBER IDENTIFIER |
| control field |
BD-DhUAP |
| 005 - DATE AND TIME OF LATEST TRANSACTION |
| control field |
20210110121618.0 |
| 008 - FIXED-LENGTH DATA ELEMENTS--GENERAL INFORMATION |
| fixed length control field |
210110s2016 ii a b 001 0 eng d |
| 020 ## - INTERNATIONAL STANDARD BOOK NUMBER |
| International Standard Book Number |
9788126563791 |
| 040 ## - CATALOGING SOURCE |
| Original cataloging agency |
HLQ |
| Transcribing agency |
HLQ |
| Modifying agency |
OCLCQ |
| -- |
WAU |
| -- |
OCLCQ |
| -- |
DLC |
| -- |
BD-DhUAP |
| Language of cataloging |
eng |
| 082 00 - DEWEY DECIMAL CLASSIFICATION NUMBER |
| Classification number |
658.4033 PRA |
| Edition number |
23 |
| 100 1# - MAIN ENTRY--PERSONAL NAME |
| Personal name |
Prasad, R. N. |
| 245 10 - TITLE STATEMENT |
| Title |
Fundamentals of business analytics / |
| Statement of responsibility, etc. |
R. N. Prasad and Seema Acharya. |
| 250 ## - EDITION STATEMENT |
| Edition statement |
2nd ed. |
| 260 ## - PUBLICATION, DISTRIBUTION, ETC. |
| Place of publication, distribution, etc. |
New Delhi : |
| Name of publisher, distributor, etc. |
Wiley, |
| Date of publication, distribution, etc. |
c2016. |
| 300 ## - PHYSICAL DESCRIPTION |
| Extent |
ix, 403 pages : |
| Other physical details |
illustrations ; |
| Dimensions |
25 cm. |
| 504 ## - BIBLIOGRAPHY, ETC. NOTE |
| Bibliography, etc. note |
Includes bibliographical references and index. |
| 650 ## - SUBJECT ADDED ENTRY--TOPICAL TERM |
| Topical term or geographic name entry element |
Business intelligence. |
| 650 ## - SUBJECT ADDED ENTRY--TOPICAL TERM |
| Topical term or geographic name entry element |
Business. |
| 700 ## - ADDED ENTRY--PERSONAL NAME |
| Personal name |
Acharya, Seema. |
| 942 ## - ADDED ENTRY ELEMENTS (KOHA) |
| Source of classification or shelving scheme |
|
| Koha item type |
Book |